Marketing (Record no. 82617)

MARC details
000 -LEADER
fixed length control field 00815nam a2200169 a 4500
008 - FIXED-LENGTH DATA ELEMENTS--GENERAL INFORMATION
fixed length control field 120416s1997 ||||||||||||||||| || u
020 ## - INTERNATIONAL STANDARD BOOK NUMBER
International Standard Book Number 8171694284
050 ## - LIBRARY OF CONGRESS CALL NUMBER
Classification number HF 5415.13 Sin
100 ## - MAIN ENTRY--PERSONAL NAME
Personal name Singh, U. K
245 10 - TITLE STATEMENT
Title Marketing
246 ## -
-- micro-macro analysis
260 ## - PUBLICATION, DISTRIBUTION, ETC.
Place of publication, distribution, etc. New Delhi
Name of publisher, distributor, etc. Commonwealth Publishers
Date of publication, distribution, etc. 1997
350 ## -
-- 0.00
995 ## -
-- MAIN LIBRARY OPEN ACCESS
-- 0.00
-- 732357
-- CBU-MAIN LIBRARY (Kitwe)
-- 2
-- 45.00
-- HF 5415.13 Sin
-- 2
-- AVAILABLE
-- 029599
-- Main Library Open Access Collection
995 ## -
-- BINDERY (DAMAGED)
-- 0.00
-- 732358
-- CBU-MAIN LIBRARY (Kitwe)
-- 1
-- 45.00
-- HF 5415.13 Sin
-- 1
-- DAMAGED
-- 029600
-- Main Library Open Access Collection
995 ## -
-- BINDERY (DAMAGED)
-- 0.00
-- 732359
-- CBU-MAIN LIBRARY (Kitwe)
-- 3
-- 45.00
-- HF 5415.13 Sin
-- 3
-- DAMAGED
-- 029601
-- Main Library Open Access Collection
999 ## -
-- 82617
-- 82617
Holdings
Withdrawn status Lost status Source of classification or shelving scheme Damaged status Not for loan Permanent Location Current Location Shelving location Date acquired Total Checkouts Full call number Barcode Date last seen Copy number Price effective from Koha item type
          CBU-MAIN LIBRARY, KITWE. CBU-MAIN LIBRARY, KITWE.   09/29/2023   HF 5415.13 Sin 029599 09/29/2023 1 09/29/2023 MONOGRAPH
          CBU-MAIN LIBRARY, KITWE. CBU-MAIN LIBRARY, KITWE.   09/29/2023   HF 5415.13 Sin 029600 09/29/2023 2 09/29/2023 MONOGRAPH
          CBU-MAIN LIBRARY, KITWE. CBU-MAIN LIBRARY, KITWE.   09/29/2023   HF 5415.13 Sin 029601 09/29/2023 3 09/29/2023 MONOGRAPH